Zawód związany z koleją. - Statystyki

Ogólne statystyki
  • Ten quiz został rozwiązany 24 razy
  • Średni wynik to 3 z 6
Statystyki odpowiedzi
Hint Odpowiedź % Poprawnych
1. Maszynista
96%
2. Konduktor
91%
3. Kierownik pociągu
61%
6. Dyżurny ruchu
52%
4. Dróżnik
30%
5. Straż ochrony kolei
9%
Nie znaleziono quizów pasujących do podanych kryteriów
Rozkład punktacji
Procent ludzi z każdym wynikiem
Percentyl według liczby udzielonych odpowiedzi
Twoja historia wyników
Nie rozwiązałeś tego quizu